00467nam a22001577a 450000500170000000800410001702000150005804100120007308200140008510000230009924500750012225000180019726000350021530000340025065000250028420231030113238.0231030b |||||||| |||| 00| 0 eng d a0409012351 aEnglish a347.7 BEC aIsaacs, IlEnglish aBeck's Theory and Principles of Pleading in Civil Actions /cI Isaacs  aFifth Edition aDurban :bButterworths, c1982 blxxiii, 358 pages ;c25,5 cm. alegal practice bLaw